| 000 | 00796nam a2200265 a 4500 | ||
|---|---|---|---|
| 001 | 35210 | ||
| 003 | BD-RjUL | ||
| 005 | 20211209052259.0 | ||
| 008 | 140521s1982 nyu 000 0 eng | ||
| 020 | _a067145272X (pbk.) : | ||
| 035 | _a(BD-RjUL)35304 | ||
| 040 |
_aDLC _cDLC _dDLC _beng |
||
| 041 | _aeng | ||
| 082 | 0 | 0 |
_a331.7020973 _219 _bGAM 1982 |
| 100 | 1 |
_aGates, Anita. _9107275 |
|
| 245 | 1 | 0 |
_a90 most promising careers for the 80s / _cAnita Gates. |
| 260 |
_aNew York : _bMonarch Press, _cc1982. |
||
| 300 |
_axii, 180 p. ; _c22 cm. |
||
| 650 | 0 |
_aOccupations _zUnited States. _9107276 |
|
| 650 | 0 |
_aVocational guidance _zUnited States. _9107277 |
|
| 740 | 0 | _aNinety most promising careers for the 80s. | |
| 942 |
_2ddc _cBK |
||
| 999 |
_c35210 _d35210 |
||